000 00320 a2200145 4500
001 149065
040 _cEscola São Tomás de Aquino
100 _aHEINE, Helme
240 1 0 _aPedroca e Maria
_lpor
245 1 0 _aPedroca e Maria
362 0 _a1996
440 1 _aÁtica
697 _a*LITERATURA INFANTO
942 _cBK
999 _c149065
_d149065